Codi penal : manual de consulta / [revisat per Marta Pérez García ; corregit per Francesc Màrquez i Bosch] manual de consulta / [revisat per Marta Pérez García ; corregit per Francesc Màrquez i Bosch]
Publicado:
Barcelona :
Diputació de Barcelona. Àrea de Presidència. Direcció de Serveis de Formació ,
2009
Descripción Física:
144 p. ; 29 cm
Materias:
Dret penal -- Legislació -- Espanya
MARC
| LEADER | 00000nam a2200000Ia 4500 | ||
|---|---|---|---|
| 001 | 22316 | ||
| 008 | 160829s2009 xx 000 0 cat d | ||
| 080 | |a D-4-56 | ||
| 245 | |a Codi penal : |b manual de consulta / [revisat per Marta Pérez García ; corregit per Francesc Màrquez i Bosch] | ||
| 250 | |a 3a ed. | ||
| 260 | |a Barcelona : |b Diputació de Barcelona. Àrea de Presidència. Direcció de Serveis de Formació, |c 2009 | ||
| 300 | |a 144 p. ; |c 29 cm | ||
| 590 | |a Bibliografia. | ||
| 590 | |a Inclou material d'autoavaluació | ||
| 650 | |a Dret penal |x Legislació |x Espanya |9 38151 | ||
| 700 | |a Pérez, Marta |e editor literari |9 43490 | ||
| 700 | |a Màrquez Bosch, Francesc |9 42119 |e editor literari | ||
| 710 | |a Barcelona (Catalunya : Província). |b Direcció de Serveis de Formació |9 51343 | ||
| 901 | |a Arxiu | ||
| 942 | |n 1 |2 udc | ||
| 952 | |0 0 |1 0 |4 0 |6 D456 |7 1 |9 50670 |a Arxiu |b Arxiu |d 2016-12-01 |l 0 |o D-4-56 |p 22316 |r 2016-12-01 00:00:00 |w 2016-12-01 |y ARXIU | ||
| 999 | |c 54512 |d 54512 | ||